|
|
|
|
| LEADER |
00000nam0a2200000 4500 |
| 001 |
92474 |
| 005 |
20231031104656.0 |
| 010 |
|
|
|a 5699096582
|b (в пер.)
|b 6000 экз.
|
| 021 |
|
|
|a RU
|b 05-14125
|9 05-719
|
| 035 |
|
|
|a (RuTPU)RU\TPU\book\99078
|
| 090 |
|
|
|a 92474
|
| 100 |
|
|
|a 20060314d2005 m y0rusy5002 ca
|
| 101 |
0 |
|
|a rus
|
| 102 |
|
|
|a RU
|
| 105 |
|
|
|a y z 000ay
|
| 200 |
1 |
|
|a Истребитель "Родина"
|f Е. А. Прошкин
|
| 210 |
|
|
|a Москва
|c Эксмо
|d 2005
|
| 215 |
|
|
|a 414, [1] с.
|d 21 см.
|
| 225 |
1 |
|
|a Русская фантастика
|
| 330 |
|
|
|a Высадившиеся на Земле представители высокоразвитой гуманоидной цивилизации под видом дипломатической Миссии готовят тотальное инопланетное вторжение. Самые отъявленные земные злодеи получили от Миссии предложение о сотрудничестве. В их числе — Андрей Волков, осужденный на пожизненный срок за массовое убийство, которого не совершал. Перед ним встает выбор — закончить жизнь в тюремной камере или предать человечество, выполняя секретные, смертельно опасные задания оккупантов из другого мира. Андрей выбирает свободу, еще не зная, что у него в памяти дремлет архив инструкций, зашифрованный не Миссией и не людьми, а третьей стороной, внимательно наблюдающей за событиями и ждущей только удобного момента, чтобы вмешаться...
|
| 610 |
1 |
|
|a русская литература
|
| 610 |
1 |
|
|a романы
|
| 610 |
1 |
|
|a фантастика
|
| 675 |
|
|
|a Р2
|v 3
|z rus
|
| 700 |
|
1 |
|a Прошкин
|b Е. А.
|g Евгений Александрович
|4 070
|
| 801 |
|
0 |
|a RU
|b RKP
|c 20050412
|g PSBO
|
| 801 |
|
1 |
|a RU
|b 63413507
|c 20060314
|g PSBO
|
| 801 |
|
2 |
|a RU
|b 63413507
|c 20060331
|g PSBO
|
| 942 |
|
|
|c BK
|